00521nam a2200145Ia 4500008004100000020002200041082001300063100003000076245006700106260005100173300001200224942000700236999001900243952011300262191014s9999 xx 000 0 und d a978-0-07-070218-9 a530bWIC aEyvind H. Wichmann923725 0aBerkeley Physics Courcse Quantum Physics (In SI Units)(Vol 4) aIndiabMcGraw hill Education Private Ltdc1971 aXix,423 cBK c531358d531358 00104070aSNSbSNSd2019-10-15eWorld Book Co.g2432.04l0o530WICpSNS0003135r2019-10-15w2019-10-15yBK